000 00498cam a2200145 4500500
005 20260322014249.0
041 _afre
042 _adc
100 1 0 _aChazelas, Jean
_eauthor
245 0 0 _aIntroduction to microwaves
260 _c2026.
500 _a24
786 0 _nRadar technologies and their applications | - | 2026-03-05 | p. 4-4
856 4 1 _uhttps://stm.cairn.info/surveillance-and-management-of-the-electromagnetic-spectrum--bdti42590210-e1000-page-4?lang=en&redirect-ssocas=7080
999 _c1787669
_d1787669